000
00341nam a2200145Ia 4500
008
230718s9999 xx 000 0 und d
041
_a
Eng.
082
_a
347.07
_b
CLA-H
100
_a
Clark, Charles E
245
0
_a
Hand book of the law code
260
_a
Pakistan
_b
West Publishing
_c
1947
300
_a
874
650
_a
Law
999
_c
29663
_d
29663